01302nam a22002297a 45000010005000000030006000050050017000110080041000280200018000690400029000870500014001160820008001301000030001382450099001682500035002672600029003023000045003315200615003766500025009916500026010167000030010425176FISKH20241108141934.0241108b cb ||||| |||| 00| 0 eng d a9781406305593 aFISKHbengcFISKHdFISKH aQL49.D362 a590 aDavies, Nicolad(1958–) aExtreme animals /cThe toughest Creatures on Earth by Nicola Davies illustrated by Neal Layton aThis edition published in 2007 aLondon :bWalker,c2007. a61 pages :bColor illustrations ;c15 cm aAnimals adapt to their surroundings for survival. Learn how they survive in conditions that humans never would. Are you ready for the competition? From the persevering emperor penguins of the South Pole to the brave bacteria inside bubbling volcanoes, from the hardy reptiles of the driest deserts to the squash-proof creatures of the deepest seabeds, animals have adapted to survive in conditions that would kill a human faster than you can say "coffin." Discover how they do it in this amazing natural history book from a celebrated team - and find out who wins the title of the toughtest animal of them all! 2AnimalsaNon-fiction 2Picture bookaScience aLayton, NealdIllustrator